000 00513nam a2200193 a 4500
001 1766480582055
003 YourLibrary
005 20251226120328.0
008 251223s2010##################000#0#eng##
020 _a9781444333619
082 0 4 _a281.5
_bPAR
100 1 _aParry, Ken,
_eauthor.
245 1 0 _aThe Blackwell Companion to Eastern Christianity :
260 _bJohn Wiley & Sons,
_c2010.
300 _a554 pages
650 0 _aReligion.
942 _cENGLISH
040 _aYourLibrary
_beng
_cYourLibrary
999 _c605184
_d605184